| 000 | 00464nam a2200181Ia 4500 | ||
|---|---|---|---|
| 003 | GCL | ||
| 008 | 140319s9999 xx 000 0 eng d | ||
| 040 |
_aGCL / _cGCL |
||
| 082 | 0 | 4 |
_a747 _bM I |
| 100 | 1 | _aMASSEY, ANNE | |
| 245 | 1 | 0 |
_aINTERIOR DESIGN OF THE 20th CENTURY / _cMASSEY, ANNE |
| 260 |
_a[S.N] : _bTHAMES AND HUDSON ، _c1990 |
||
| 300 | _a216 | ||
| 650 | 0 | 4 | _aINTERIOR DECORATION |
| 650 | 0 | 4 | _aDESIGN |
| 650 | 0 | 4 | _aINTERIOR DESIGN |
| 942 |
_2ddc _cBK |
||
| 999 |
_c17556 _d17556 |
||